000 00382nam a2200157Ia 4500
008 230917s9999||||xx |||||||||||||| ||und||
040 _e141284
_aMAIN
041 _aEnglish
082 _a658.3 M311P
100 _amamoria, C.B.
245 0 _aPersonnel management
250 _a23rd ed.
260 _aMumbai
_bHimalaya Publishing House
_c2003
300 _a932p p.
942 _cBK
999 _c118111
_d118111